000
00315nam a2200133Ia 4500
008
231129s1979||||xx |||||||||||||| ||spa||
040
_b
spa
082
_a
813 C811d
100
_a
Corman Avery
245
0
_a
Divorciados
260
_c
1979
264
_a
Bogotá Colombia : Círculo de Lectores
942
_2
ddc
_c
BKS
999
_c
9706
_d
9706